|
|
|
|
| LEADER |
00000nam a22000005a 4500 |
| 001 |
vtls008955230 |
| 003 |
SK-MaSNL |
| 005 |
20260331205005.0 |
| 008 |
240123s2006 xo r 000 0 slo |
| 015 |
|
|
|a SNBSAB2006-00055
|
| 020 |
|
|
|a 8070908076
|q (brož.)
|
| 035 |
|
|
|a urn:nbn:sk:snk-am00a028
|
| 035 |
|
|
|a urn:nbn:sk:snk-am3hbsl
|
| 035 |
|
|
|a 06BA252E-4C45-4963-A707-C3C9B48F34BD
|
| 040 |
|
|
|a SNK
|b slo
|c SNK
|e AACR2
|
| 041 |
0 |
|
|a slo
|
| 044 |
|
|
|a xo
|c SK
|
| 072 |
|
7 |
|a 39
|x Etnológia. Etnografia. Folklór
|2 konspekt
|
| 080 |
|
|
|a 82:929:39-051:37-051:012
|2 2001
|
| 080 |
|
|
|a 929 Podolák, Ján
|2 2001
|
| 080 |
|
|
|a 39
|2 2001
|
| 080 |
|
|
|a 37
|2 2001
|
| 080 |
|
|
|a 012
|2 2001
|
| 100 |
1 |
|
|a Sedláková, Viera,
|d 1949-
|4 com
|9 105898
|
| 245 |
1 |
0 |
|a Prof. PhDr. Ján Podolák, DrSc. (1926)
|b personálna bibliografia
|c [zostavila: Viera Sedláková ; jazyková redaktorka: Eleonóra Oravcová ; preklad do angličtiny: Mária Okálová ; technická redakcia: Mária Hlinková]
|
| 250 |
|
|
|a [1. vyd.]
|
| 260 |
|
|
|a Martin
|b Matica slovenská
|c 2006
|
| 300 |
|
|
|a 53 s.
|c 21x15 cm
|
| 490 |
1 |
|
|a Personálne bibliografie osobností slovenského národopisu
|
| 504 |
|
|
|a Usporiadanie chronolog.-tem. 503 zázn. o čl., kn., správach a recenziách v slov., nem., franc., čes., angl. a rus.
|
| 600 |
1 |
7 |
|a Podolák, Ján,
|d 1926-2017
|2 snkbubb
|9 211645
|
| 655 |
|
7 |
|a personálne bibliografie
|2 snkph
|9 70198
|
| 655 |
|
7 |
|a samostatné bibliografie
|2 snkph
|9 300643
|
| 655 |
|
7 |
|a biografické údaje
|2 snkph
|9 289197
|
| 700 |
1 |
|
|a Oravcová, Eleonóra
|4 red
|9 22430
|
| 700 |
1 |
|
|a Okálová, Mária,
|d 1950-2024
|4 trl
|9 7913
|
| 700 |
1 |
|
|a Hlinková, Mária
|4 red
|9 403591
|
| 710 |
2 |
|
|a Matica slovenská.
|b Národopisný odbor
|9 168498
|
| 830 |
|
0 |
|a Personálne bibliografie osobností slovenského národopisu
|9 290938
|
| 919 |
|
|
|a 80-7090-807-6
|
| 958 |
|
|
|a OND
|
| 999 |
|
|
|c 1083821
|d 1085751
|
| 952 |
|
|
|a SNK
|b SNK
|y PREZ
|7 0
|p 17A0543209
|o snkSC 127132
|i snk2007/7204
|8 0
|0 0
|1 0
|4 0
|d 2007-03-14
|f 1
|l 0
|r 2025-06-16 00:00:00
|w 2026-02-24
|
| 952 |
|
|
|a SNK
|b SNK
|y VYP
|7 0
|p 17A0543210
|o snkSC 127132 D1
|i snk2007/7205
|8 0
|0 0
|1 0
|4 0
|d 2007-03-14
|l 0
|r 2026-02-24 16:33:01
|w 2026-02-24
|